Catálogo

DIGITAL IMAGE PROCESSING (Registro nro. 49103)

Detalles MARC
000 -LEADER
fixed length control field 00971nam a2200205 a 4500
001 - CONTROL NUMBER
control field 49103
005 - DATE AND TIME OF LATEST TRANSACTION
control field 20180714033646.0
008 - FIXED-LENGTH DATA ELEMENTS--GENERAL INFORMATION
fixed length control field 140415s2002 xxu 000 0 eng d
020 ## - INTERNATIONAL STANDARD BOOK NUMBER
International Standard Book Number 0201180758
041 ## - LANGUAGE CODE
Language code of text/sound track or separate title eng
082 ## - DEWEY DECIMAL CLASSIFICATION NUMBER
Classification number 621.3
Item number GON
100 1# - MAIN ENTRY--PERSONAL NAME
Personal name GONZALEZ, RAFAEL C.
245 10 - TITLE STATEMENT
Title DIGITAL IMAGE PROCESSING
250 ## - EDITION STATEMENT
Edition statement 2a ed.
260 ## - PUBLICATION, DISTRIBUTION, ETC.
Place of publication, distribution, etc. ESTADOS UNIDOS DE AMERICA :
Name of publisher, distributor, etc. PRENTICE-HALL, INC.,
Date of publication, distribution, etc. 2002
300 ## - PHYSICAL DESCRIPTION
Extent 401
Dimensions 24 x 18.4 x 3
520 ## - SUMMARY, ETC.
Summary, etc. DIGITAL IMAGE PROCESSING HAS BEEN THE LEADING TEXTBOOK IN ITS FIELD FOR MORE THAN 20 YEARS. AS WAS THE CASE WITH THE 1977 AND 1987 EDITIONS BY GONZALEZ AND WINTZ, AND THE 1992 EDITION BY GONZALEZ AND WOODS, PRESENTS EDITON WAS PREPARED WITH STUDENDTS AND INSTRUCTORS IN MIND. THE MATERIAL IS TIMELY, HIGHLY READABLE, AND ILLUSTRATED WITH NUMEROUS EXAMPLES OF PRACTICAL SIGNIFICANCE.
650 14 - SUBJECT ADDED ENTRY--TOPICAL TERM
Topical term or geographic name entry element PROCESAMIENTO DE IMAGEN
General subdivision IMAGEN DIGITAL
-- TECNICA DIGITAL
700 1# - ADDED ENTRY--PERSONAL NAME
Personal name WOODS, RICHARD E.
Relator term coaut.
Existencias
Withdrawn status Lost status Source of classification or shelving scheme Damaged status Not for loan Collection code Home library Current library Shelving location Date acquired Source of acquisition Inventory number Total Checkouts Full call number Barcode Date last seen Date last checked out Price effective from Koha item type
    Dewey Decimal Classification     General Biblioteca Karol Wojtyla Biblioteca Karol Wojtyla Sala general 03/12/2013 Compra 151000000000000000003003 2 621.3 GON 73451 05/01/2026 21/01/2025 03/12/2013 Libro